Quel pays en Asie ? - Statistiques

Statistiques générales
  • Ce quiz a été pris 93 fois
  • Le résultat moyen est 18 sur 20
Statistiques - réponses
Quel pays d'Asie Lettre Pays % Correct
...est connu pour sa Grande Muraille C Chine
100%
...à accueilli la coupe du monde de Football en 2022 Q Qatar
100%
...va changer de capitale a l'horizon 2028 I Indonésie
97%
...est le plus peuplé du monde I Inde
94%
...à la densité la plus faible au monde M Mongolie
92%
...est connu pour avoir un drapeau peu commun N Népal
92%
...s'appelait autrefois Pakistan oriental B Bangladesh
91%
...permet de visiter le site de Pétra J Jordanie
91%
...possède 47 préfectures et 4 grandes îles J Japon
90%
...remporte le prix Nobel de la Paix en 2014 grâce à Malala Yousafzai P Pakistan
90%
...organisa les Jeux Olympiques en 1988 C S Corée du Sud
89%
...compte plus de 7000 îles mais aucune frontière P Philippines
89%
...eu Noursoultan pour capitale durant 3 ans et demi K Kazakhstan
86%
...à "La porte de L'enfer" comme attraction touristique T Turkménistan
86%
...n'a pas accès à la mer de toute l'Indochine L Laos
85%
...à trois bandes (bleue, rouge et verte) sur son drapeau ainsi que 2 éléments A Azerbaïdjan
82%
...possède 98,8% de montagne sur tout son territoire B Bhoutan
82%
...n'est pas reconnu par 28 autres états de l'ONU I Israël
80%
...renferme ses 2 capitales dans le même ville S L Sri Lanka
80%
...à autorisé la vente de Coca-Cola en 2012 M (B) Myanmar
78%
Aucun quiz correspondant
Distribution des résultats
% des personnes avec chaque résultat
Percentile par nombre de réponses
Votre historique - résultats
Vous n’avez pas pris ce quiz